-Electioneering- by Radiohead Lyrics - Statistics

General Stats
  • This quiz has been taken 36 times
  • The average score is 82 of 95
Answer Stats
Answer % Correct
I
100%
I
100%
I
100%
I
100%
I
100%
I
100%
I
100%
I
100%
I
100%
I
100%
we
100%
we
100%
we
100%
we
100%
backwards
95%
backwards
95%
backwards
95%
backwards
95%
forwards,
95%
forwards,
95%
forwards,
95%
forwards,
95%
go
95%
go
95%
go
95%
go
95%
go
95%
go
95%
go
95%
go
95%
meet
95%
meet
95%
meet
95%
meet
95%
will
95%
will
95%
will
95%
will
95%
will
95%
will
95%
you
95%
you
95%
you
95%
you
95%
And
91%
And
91%
and
91%
And
91%
And
91%
electioneering
91%
on
91%
on
91%
somewhere
91%
somewhere
91%
somewhere
91%
somewhere
91%
can
86%
can
86%
nothing
86%
rely
86%
rely
86%
stop
86%
stop
86%
at
82%
economics
82%
vote
82%
vote
82%
When
82%
When
82%
When
82%
When
82%
When
82%
right
77%
Say
77%
the
77%
the
77%
things
77%
trust
77%
trust
77%
your
77%
your
77%
Riot
73%
shields
73%
Voodoo
73%
It's
68%
it's
68%
It's
68%
just
68%
business
64%
I.M.F
59%
Cattle
55%
Ha, ha, ha
55%
prods
50%
life,
18%
life
18%
No matching quizzes found
Score Distribution
Percent of People with Each Score
Percentile by Number Answered
Your Score History
You have not taken this quiz